All Participants - Inaugural Soccer World Cup - Statistics

General Stats
  • This quiz has been taken 33 times
  • The average score is 2 of 13
Answers on the Grid
Answers color-coded by a green-red scale on the quiz's grid according to % correct below.
Germany
England
Sweden
Italy
Netherlands
Spain
Portugal
Sovjetunion
Canada
Japan
China
South Korea
Australia
New Zealand
Ecuador
Colombia
Venezuela
Mexico
United States
Chile
Bolivia
Peru
Uruguay
Paraguay
Brasil
Argentina
Romania
France
Belgium
Jugoslavia
 
Answer Stats
Answer % Correct
France
40%
Uruguay
40%
Argentina
30%
Brasil
30%
Mexico
30%
United States
30%
Peru
20%
Chile
10%
Belgium
0%
Bolivia
0%
Jugoslavia
0%
Paraguay
0%
Romania
0%
No matching quizzes found
Score Distribution
Percent of People with Each Score
Percentile by Number Answered
Your Score History
You have not taken this quiz